Nota Bengkel Penilaian Harta Perniagaan Untuk Pegawai Penilaian : 20 - 24 November 1989

Bibliographic Details
Corporate Authors: Nota Bengkel Penilaian Harta Perniagaan Untuk Pegawai Penilaian, INSPEN ( Institut Penilaian Negara )
Format: Book
Published: Bangi : Institut Penilaian Negara , 1989
Subjects:

MARC

LEADER 00000cam a2200000 7i4500
001 0000005269
005 20080610.0
040 |a INS 
090 0 0 |a VO 5 
110 1 |a Nota Bengkel Penilaian Harta Perniagaan Untuk Pegawai Penilaian   |k 1989 20 - 24 November   |c INSPEN, Bangi 
245 0 0 |a Nota Bengkel Penilaian Harta Perniagaan Untuk Pegawai Penilaian :   |b 20 - 24 November 1989   |c Anjuran Institut Penilaian Negara, Kementerian Kewangan Malaysia 
260 |a Bangi :   |b Institut Penilaian Negara ,   |c 1989 
300 |a 1 jil. (Mukasurat pelbagai) :   |b ill. ;   |c 30 cm. 
650 0 0 |a Business property 
650 0 0 |a Commercial property 
710 1 |a INSPEN ( Institut Penilaian Negara ) 
999 |a VO00000214   |b BOOK   |c Course Notes   |e Default branch